| 000 | 00526nam a2200157 a 4500 | ||
|---|---|---|---|
| 005 | 20140412111301.0 | ||
| 008 | 010329s19uu xx 00 eng d | ||
| 020 | _a1-56107-276-1 | ||
| 050 |
_aTR(GS 510.7 _bCHA 1995 |
||
| 100 | _aCharles, Linda | ||
| 245 |
_aMathland: journey through mathematics : _bguidebook, grade 2 / _cLinda Charles ; Micaelia Randolph Brummett, Heather McDonald, Joan Westley. |
||
| 260 |
_aCalifornia : _bCreative Publications, _c1995. |
||
| 300 | _a352 p. | ||
| 650 | _aMathematics | ||
| 999 |
_c103384 _d103384 |
||